| 000 | 00549nam a2200169 i 4500 | ||
|---|---|---|---|
| 001 | 61192 | ||
| 003 | ES-MaACL | ||
| 005 | 20230906164408.0 | ||
| 007 | t| | ||
| 008 | 031111s1982 sp ||||1| spa d | ||
| 110 | 1 |
_aAndalucía. _91390 |
|
| 240 | 1 | 0 | _aEstatuto de Autonomía, 1981 |
| 245 | 1 | 0 |
_aEstatuto de Autonomía para Andalucía _b: [ley orgánica 6/1981, de 30 de diciembre]. |
| 260 |
_a[Madrid : _bPresidencia del Gobierno, Servicio Central de Publicaciones, _c1982] |
||
| 300 |
_a26 p. ; _c21 cm. |
||
| 852 |
_aES-MaACL _j2127-F-17 _bR.106039 |
||
| 999 |
_c61192 _d61192 |
||